| 000 | 00961nam a2200241 a 4500 | ||
|---|---|---|---|
| 001 | 000024541 | ||
| 005 | 20200930023228.0 | ||
| 008 | 110131s1975 mx ac r 001 0 spa d | ||
| 040 |
_aDO-SdBNP _bspa _cBNPHU |
||
| 082 |
_axxxxx _bR414m |
||
| 100 | 1 |
_aRenner, John W. _950295 |
|
| 245 | 1 | 3 |
_aEl maestro subversivo / _cJohn W. Renner , Robert F. Bibens , Gene D. Shepherd ; traducción Ma. Elena Carbajal y Hans A. Ritter. |
| 260 |
_aMéxico, D. F. : _bPax-México, _c1975. |
||
| 300 |
_ax,330 p. : _bil., retrs. ; _c21 cm. |
||
| 500 | _aIncluye índice alfabético. | ||
| 504 | _aIncluye referencias bibliográficas y notas al pie de las páginas. | ||
| 534 |
_pTítulo original en inglés: _tGuiding learning in the secondary school _cNew York : Harper & Row, 1972. |
||
| 700 | 1 |
_aBibens, Robert F. _950296 |
|
| 700 | 1 |
_aShepherd, Gene D. _950297 |
|
| 700 | 1 |
_aCarbajal, María Elena, _etr. _950298 |
|
| 700 | 1 |
_aRitter, Hans A., _etr. _950299 |
|
| 049 | _aBNGR | ||
| 999 |
_c24034 _d24034 |
||